Представление документа в формате RUSMARC

ПолеНазваниеЗначение
  Тип записи a
  Библиографический уровень m
001 Контрольный номер c5badacdd9104ba4b9c579448178a148
005 Дата корректировки 20230112125154.3
010 Индекс ISBN __
a ISBN 978-5-04-165289-0
b Уточнения в пер.
9 Тираж 3000 экз.
d Цена 776-60
100 Данные общей обработки __
a Данные общей обработки 20221107d2022 e y0rusy028902 ca
101 Язык документа 1_
a Язык текста rus
c Язык оригинала eng
102 Страна публикации __
a Страна публикации RU
105 Кодированные данные (монография) __
a Кодированные данные (монография) a z 001yy
181 Поле кодированных данных: вид содержания _0
a Код вида содержания (ISBD) i
182 Поле кодированных данных: тип средства _0
a Код типа средства (ISBD) n
200 Заглавие и сведения об ответственности 1_
a Заглавие Акварель для всех
e Сведения, относящиеся к заглавию пошаговый курс для начинающих и продвинутых художников
e Сведения, относящиеся к заглавию [материалы, техники, упражнения]
f Первые сведения об ответственности Мэтью Палмер
g Последующие сведения об ответственности [иллюстрации автора]
g Последующие сведения об ответственности перевод с английского [И. Наумовой]
203 Вид содержания и тип средства __
a Вид содержания Текст
c Тип средства непосредственный
210 Выходные данные 1_
a Место издания Москва
c Издательство Эксмо
c Издательство Бомбора
d Дата издания 2022
215 Физическое описание __
a Объем 128 с.
c Иллюстрации/тип воспроизводства цв. ил., фот.
d Формат 29 см
320 Библиография __
a Библиография Указатель: с. 128
330 Аннотация __
a Аннотация Настоящий базовый обучающий курс по рисованию в технике акварели. Пособие расскажет начинающим акварелистам обо всех аспектах рисования, а более опытным художникам поможет усовершенствовать свои навыки. Что ждет вас на страницах книги: подробный рассказ обо всех необходимых материалах для рисования; тонкости разных акварельных техник, таких как: градиенты, растяжка цветом, лессировка, "сухие" и "мокрые", использование воска, губки и соли; графические схемы для понимания основ, композиции и перспективы; базовые техники изображения простых предметов, животных и людей; 6 подробнейших пошаговых уроков по созданию картин. Мэтью Палмер — британский художник, преподаватель живописи, производитель товаров для рисования.
606 Тематические рубрики __
2 Код системы nlr_sh
a Основная рубрика Изобразительное искусство и архитектура
606 Тематические рубрики __
2 Код системы nlr_sh
a Основная рубрика Виды живописи
610 Ключевые слова 0_
a Ключевые слова живопись
610 Ключевые слова 0_
a Ключевые слова акварель
610 Ключевые слова 0_
a Ключевые слова акварельная живопись
610 Ключевые слова 0_
a Ключевые слова пейзажи
610 Ключевые слова 0_
a Ключевые слова акварельные пейзажи
610 Ключевые слова 0_
a Ключевые слова акварельные этюды
610 Ключевые слова 0_
a Ключевые слова акварельные рисунки
610 Ключевые слова 0_
a Ключевые слова рисование
610 Ключевые слова 0_
a Ключевые слова уроки рисования
610 Ключевые слова 0_
a Ключевые слова обучение рисованию
610 Ключевые слова 0_
a Ключевые слова рисование акварелью
610 Ключевые слова 0_
a Ключевые слова хобби
610 Ключевые слова 0_
a Ключевые слова досуг
610 Ключевые слова 0_
a Ключевые слова увлечения
686 Индексы других классификаций __
2 Код системы rubbks
a Классификационный индекс 85.154.7я7; ст85.15я7
700 Автор _1
a Фамилия Палмер
b Имя М.
g Полное личное имя Мэтью
4 Код отношения 070
4 Код отношения 440
702 Вторичная интеллектуальная ответственность _1
a Фамилия Наумова
b Имя И.
4 Код отношения 730
801 Источник записи _0
a Страна RU
b Организация Муниципальное бюджетное учреждение культуры "Централизованная библиотечная система" г. Сургут (Центральная городская библиотека им. А. С. Пушкина)
c Дата составления 20221107
g Правила каталогизации PSBO
801 Источник записи _1
a Страна RU
b Организация Муниципальное бюджетное учреждение культуры "Централизованная библиотечная система" г. Сургут (Центральная городская библиотека им. А. С. Пушкина)
c Дата составления 20221107
g Правила каталогизации PSBO
852 Данные о местонахождении __
i Авторский знак П 14
j Шифр хранения 85.154.7я7
900 Макрообъекты __
a Макрообъекты Акварель для всех. Палмер, М., 2022
901 Тип документа __
a Ответственный КиК/Обаева
t Тип документа m
903 Характеристики (МАРС) __
a Дата передачи 20221107
c Наименование библиотеки (МАРС) Муниципальное бюджетное учреждение культуры "Централизованная библиотечная система" г. Сургут (Центральная городская библиотека им. А. С. Пушкина)
969 Тип издания __
a Тип издания издание для досуга
a Тип издания учебное пособие
990 Данные о заказе (DOS) __
j Количество экземпляров (DOS) 2
t N записи в КСУ для И/У (DOS) 202211